000 00249nam a2200109Ia 4500
008 240625s9999 xx 000 0 und d
041 _aeng
082 _a658.8 AAK
100 _aAAKER DAVID A
245 _aSTRATEGIC MARKET MANAGEMENT
260 _c2013
999 _c40270
_d40270